000 00652nam a2200277Ia 4500
005 20260324144930.0
008 008 260324s9999 xx 000 0 eng d
020 _a9781315630236
037 _aEBOOK
040 _aCRL
040 _beng
040 _cCRL
041 _2eng
041 _aeng
084 _qCRL
100 _aMichael I. Posner; Oscar S.M. Marin
_91221135
245 0 _aAttention and Performance XI
260 _bTaylor and Francis
260 _c1985
365 _a
365 _b255
856 _uhttp://www.taylorfrancis.com/books/9781315630236
942 _cEBOOK
999 _c1828380
_d1828380